| 000 | 01515cad a22002415a 4500 | ||
|---|---|---|---|
| 001 | L154071 | ||
| 008 | 111011s2011 xxkd f s 000 0 eng d | ||
| 035 | _a(Sirsi) u154071 | ||
| 041 | 0 | _aeng | |
| 100 | 1 | _aMurdoch, Ian J. | |
| 245 | 0 | 0 |
_aState of trade report _b2011, quarter 2 _h[electronic resource] |
| 260 |
_aLondon _bNational Specialist Contractors Council _c2011 |
||
| 490 | 0 |
_aNSCC State of Trade Report _vSecond Quarter 2011 |
|
| 520 | _aPresents the results for the second quarter of 2011. Illustrated with charts, the report covers orders, price and margin analysis, procurement, payment periods, retentions, contract abuse, and adjudication, followed by comments from various specialist contractors. The National Specialist Contractors Council (NSCC) brings together the common aims of 32 specialist trade organisations within the construction industry and is the authoritative voice of specialist contractors in the UK. Includes results for enquiries, orders, labour, workload, skills and skills shortages, price and margin analysis, procurement, comments from specialist contractors. | ||
| 521 | _aAdvanced | ||
| 590 | _aKA | ||
| 650 | 2 | 4 | _aNATIONAL SPECIALIST CONTRACTORS COUNCIL STATE OF TRADE REPORT |
| 651 | 4 |
_aUnited Kingdom _y |
|
| 690 | _aBUILT ENVIRONMENT-CONSTRUCTION MARKET | ||
| 710 | 1 |
_aNorthumbria University _bSchool of the Built Environment _95649 |
|
| 856 | 4 | 0 |
_uhttps://www.nscc.org.uk/documents/Q2Report2011.pdf _zView the item free of charge at www.nscc.org.uk |
| 942 | _n0 | ||
| 999 |
_c112830 _d112830 |
||